[Event "European zonal C"]
[Site "Vratsa BUL"]
[Date "1975.10.28"]
[Round "5"]
[White "Matanovic, Aleksandar"]
[Black "Sax, Gyula"]
[Result "1/2-1/2"]
[WhiteElo "2490"]
[BlackElo "2510"]
[EventDate "1975.10.23"]
[PlyCount "83"]

1.e4 c5 2.Nf3 d6 3.d4 cxd4 4.Nxd4 Nf6 5.Nc3 a6 6.Be2 Nbd7 7.Be3 e6 8.f4 b5
9.a4 b4 10.Nc6 Qc7 11.Nxb4 d5 12.Nba2 dxe4 13.O-O Bb7 14.b4 Bxb4 15.Nxb4 
Qxc3 16.Qd4 Qxd4 17.Bxd4 O-O 18.a5 Rfc8 19.f5 e5 20.Bf2 Nd5 21.Nxd5 Bxd5 
22.Rfd1 Nf6 23.Rd2 Bc4 24.Bxc4 Rxc4 25.Bg3 e3 26.Rd3 Rxc2 27.Rxe3 Rd8 28.
Bxe5 Rdd2 29.Rg3 Nh5 30.Rg4 Rf2 31.Bd4 Rxf5 32.Re4 h6 33.Rf1 Rxa5 34.Re8+ 
Kh7 35.Rxf7 Raa2 36.Rf2 Rxf2 37.Bxf2 Ra1+ 38.Re1 Rxe1+ 39.Bxe1 Nf4 40.Bd2 
Nd5 41.Kf2 Kg6 42.g4 1/2-1/2

[Event "European zonal C"]
[Site "Vratsa BUL"]
[Date "1975.10.28"]
[Round "5"]
[White "Matulovic, Milan"]
[Black "Gheorghiu, Florin"]
[Result "1/2-1/2"]
[WhiteElo "2530"]
[BlackElo "2540"]
[EventDate "1975.10.23"]
[PlyCount "46"]

1.e4 c5 2.Nf3 d6 3.d4 cxd4 4.Nxd4 Nf6 5.Nc3 a6 6.Bg5 e6 7.f4 Be7 8.Qf3 Qc7
9.O-O-O Nbd7 10.g4 b5 11.Bxf6 Nxf6 12.g5 Nd7 13.f5 Bxg5+ 14.Kb1 Ne5 15.Qh5
Qd8 16.Rg1 Bf6 17.fxe6 O-O 18.Bh3 g6 19.Nd5 Kh8 20.Qe2 fxe6 21.Bxe6 Re8 
22.Bxc8 Rxc8 23.h4 Bxh4 1/2-1/2

[Event "European zonal C"]
[Site "Vratsa BUL"]
[Date "1975.10.28"]
[Round "5"]
[White "Ree, Hans"]
[Black "Bednarski, Jacek"]
[Result "1/2-1/2"]
[WhiteElo "2470"]
[BlackElo "2425"]
[EventDate "1975.10.23"]
[PlyCount "83"]

1.d4 d5 2.c4 c6 3.Nf3 e6 4.Nc3 Nf6 5.Bg5 dxc4 6.a4 c5 7.e4 cxd4 8.Nxd4 Qa5
9.Bxf6 gxf6 10.Bxc4 Bg7 11.Bb5+ Nd7 12.O-O O-O 13.Bxd7 Bxd7 14.Nf5 Rfd8 
15.Nxg7 Kxg7 16.f4 Kh8 17.Qe2 Rg8 18.Rf2 Rg7 19.Qd2 Bc6 20.Qd4 Qd8 21.Rd1 
Qxd4 22.Rxd4 Rgg8 23.f5 Kg7 24.b4 Rgd8 25.Rfd2 Rxd4 26.Rxd4 a6 27.b5 axb5 
28.axb5 Be8 29.Rc4 exf5 30.exf5 Bd7 31.Rc7 Bxf5 32.Rxb7 Rc8 33.Ne2 Be4 34.
Re7 Bd3 35.b6 Bxe2 36.Rxe2 Rc1+ 37.Kf2 Rb1 38.Re3 Rb2+ 39.Kf3 Rxb6 40.g3 
Rb2 41.h4 Kg6 42.Ra3 1/2-1/2

[Event "European zonal C"]
[Site "Vratsa BUL"]
[Date "1975.10.28"]
[Round "5"]
[White "Strobel, Ferdinand"]
[Black "Radulov, Ivan"]
[Result "1/2-1/2"]
[WhiteElo "2365"]
[BlackElo "2510"]
[EventDate "1975.10.23"]
[PlyCount "54"]

1.f4 d5 2.Nf3 g6 3.g3 Bg7 4.Bg2 c5 5.O-O Nc6 6.d3 e6 7.e4 Nge7 8.Qe1 O-O 
9.g4 dxe4 10.dxe4 f5 11.gxf5 exf5 12.e5 Be6 13.Nc3 Nd4 14.Qf2 Nxf3+ 15.
Bxf3 Qc7 16.Be3 Rac8 17.Rfd1 g5 18.Rd6 gxf4 19.Bxf4 Ng6 20.Qg3 Rce8 21.Nd5
Qf7 22.Nf6+ Bxf6 23.exf6 Qxf6 24.Re1 Qg7 25.Rdxe6 Rxe6 26.Rxe6 Nxf4 27.Re7
Rf7 1/2-1/2

[Event "European zonal C"]
[Site "Vratsa BUL"]
[Date "1975.10.28"]
[Round "5"]
[White "Wirthensohn, Heinz"]
[Black "Dueball, Jurgen"]
[Result "1/2-1/2"]
[WhiteElo "2330"]
[BlackElo "2455"]
[EventDate "1975.10.23"]
[PlyCount "46"]

1.Nf3 g6 2.e4 c5 3.c4 Nc6 4.d4 cxd4 5.Nxd4 Nf6 6.Nc3 Nxd4 7.Qxd4 d6 8.Bg5 
Bg7 9.Qd2 O-O 10.Bd3 Be6 11.O-O Qa5 12.Nd5 Qxd2 13.Nxe7+ Kh8 14.Bxd2 Rfe8 
15.Nd5 Bxd5 16.exd5 Ne4 17.Bb4 Nc5 18.Rad1 Bxb2 19.Bxc5 dxc5 20.Rb1 Bd4 
21.Rxb7 Kg7 22.Rfb1 a5 23.g3 Ra6 1/2-1/2

[Event "European zonal C"]
[Site "Vratsa BUL"]
[Date "1975.10.29"]
[Round "6"]
[White "Ermenkov, Evgeny"]
[Black "Matanovic, Aleksandar"]
[Result "1/2-1/2"]
[WhiteElo "2430"]
[BlackElo "2490"]
[EventDate "1975.10.23"]
[PlyCount "25"]

1.d4 Nf6 2.c4 e6 3.Nf3 b6 4.g3 Bb7 5.Bg2 Be7 6.O-O O-O 7.Nc3 Ne4 8.Qc2 
Nxc3 9.Qxc3 Be4 10.b3 d6 11.Bb2 Qe8 12.Ne1 Bxg2 13.Nxg2 1/2-1/2

[Event "European zonal C"]
[Site "Vratsa BUL"]
[Date "1975.10.29"]
[Round "6"]
[White "Gheorghiu, Florin"]
[Black "Czerniak, Moshe"]
[Result "1-0"]
[WhiteElo "2540"]
[BlackElo "2390"]
[EventDate "1975.10.23"]
[PlyCount "79"]

1.d4 d5 2.c4 e6 3.Nc3 c6 4.Nf3 dxc4 5.g3 Bb4 6.a4 c5 7.Bg2 Nc6 8.Be3 Nf6 
9.dxc5 Qxd1+ 10.Rxd1 Ne4 11.Nd2 Nxd2 12.Rxd2 Bd7 13.O-O Ke7 14.Rc2 Na5 15.
Na2 Bxa4 16.Nxb4 Bxc2 17.Nxc2 Rhd8 18.Nb4 Rac8 19.f4 Nc6 20.Nxc6+ bxc6 21.
Rc1 Rb8 22.Bxc6 Rxb2 23.Kf2 Rb4 24.Bf3 a5 25.c6 Kd6 26.Bd2 Kc5 27.Bc3 f6 
28.Rd1 Rc8 29.f5 e5 30.Rd5+ Kb6 31.Bxb4 axb4 32.Rd7 b3 33.Rb7+ Kc5 34.Ke3 
Rd8 35.c7 Rc8 36.Kd2 e4 37.Bg2 Kd4 38.e3+ Ke5 39.Kc3 Kxf5 40.Bh3+ 1-0

[Event "European zonal C"]
[Site "Vratsa BUL"]
[Date "1975.10.29"]
[Round "6"]
[White "Letzelter, Jean-Claude"]
[Black "Matulovic, Milan"]
[Result "0-1"]
[WhiteElo "2240"]
[BlackElo "2530"]
[EventDate "1975.10.23"]
[PlyCount "66"]

1.e4 c5 2.Nf3 Nc6 3.d4 cxd4 4.Nxd4 Qc7 5.Nc3 e6 6.Be2 a6 7.a3 Nf6 8.Be3 
Be7 9.O-O O-O 10.Kh1 d6 11.f4 Na5 12.Qd3 b5 13.Rf3 Rd8 14.Raf1 e5 15.Nf5 
Bxf5 16.exf5 Nc4 17.Bc1 d5 18.fxe5 Nxe5 19.Bf4 Bd6 20.Bxe5 Bxe5 21.Nd1 
Rac8 22.a4 bxa4 23.c3 d4 24.Qxa6 Bxh2 25.cxd4 Ne4 26.Rc3 Nxc3 27.bxc3 Ra8 
28.Qd3 a3 29.Ne3 a2 30.Ra1 Bf4 31.Bf3 Ra5 32.Ng4 Ra3 33.Bd1 Qxc3 0-1

[Event "European zonal C"]
[Site "Vratsa BUL"]
[Date "1975.10.29"]
[Round "6"]
[White "Radulov, Ivan"]
[Black "Ree, Hans"]
[Result "1/2-1/2"]
[WhiteElo "2510"]
[BlackElo "2470"]
[EventDate "1975.10.23"]
[PlyCount "85"]

1.e4 c5 2.Nf3 e6 3.d4 cxd4 4.Nxd4 Nf6 5.Nc3 Nc6 6.Ndb5 d6 7.Bf4 e5 8.Bg5 
a6 9.Na3 b5 10.Nd5 Be7 11.Bxf6 Bxf6 12.c3 Be6 13.Nc2 Bxd5 14.Qxd5 Ne7 15.
Qd3 Qb6 16.Be2 O-O 17.O-O Rfd8 18.Nb4 Qc5 19.Rfd1 a5 20.Nc2 b4 21.cxb4 
axb4 22.Qb3 Nc6 23.Rd5 Qb6 24.a4 Rdc8 25.Bb5 Nd4 26.Nxd4 exd4 27.Qxb4 Rc2 
28.Qxd6 Qxd6 29.Rxd6 Rxb2 30.Rc1 h6 31.g3 Ra7 32.f4 Rd2 33.Rc4 Be7 34.Rd5 
g6 35.Kh1 d3 36.Rc3 Rd1+ 37.Kg2 d2 38.Rc4 Rc1 39.Rcd4 Bb4 40.e5 Re1 41.h4 
h5 42.Kf3 Rc7 43.Rxb4 1/2-1/2

[Event "European zonal C"]
[Site "Vratsa BUL"]
[Date "1975.10.29"]
[Round "6"]
[White "Sax, Gyula"]
[Black "Wirthensohn, Heinz"]
[Result "1/2-1/2"]
[WhiteElo "2510"]
[BlackElo "2330"]
[EventDate "1975.10.23"]
[PlyCount "39"]

1.e4 c5 2.Nf3 Nc6 3.Bb5 Nf6 4.e5 Nd5 5.Nc3 Nc7 6.a4 g6 7.Ne4 b6 8.d4 cxd4 
9.Bg5 Bg7 10.Nd6+ Kf8 11.Nxc8 Rxc8 12.Bxc6 dxc6 13.Nxd4 Qd5 14.Nf3 f6 15.
exf6 exf6 16.Be3 Qxd1+ 17.Rxd1 Nd5 18.O-O Nxe3 19.fxe3 Ke7 20.b3 1/2-1/2

[Event "European zonal C"]
[Site "Vratsa BUL"]
[Date "1975.10.29"]
[Round "6"]
[White "Sigurjonsson, Gudmundur"]
[Black "Bednarski, Jacek"]
[Result "1/2-1/2"]
[WhiteElo "2475"]
[BlackElo "2425"]
[EventDate "1975.10.23"]
[PlyCount "29"]

1.e4 e5 2.Nf3 Nf6 3.Nxe5 d6 4.Nf3 Nxe4 5.c4 Be7 6.Nc3 Bf5 7.Nd4 Nxc3 8.
dxc3 Bd7 9.Bd3 Nc6 10.Nxc6 Bxc6 11.Qg4 Bf6 12.Be3 h5 13.Qh3 g6 14.O-O-O 
Qc8 15.Qxc8+ 1/2-1/2

[Event "European zonal C"]
[Site "Vratsa BUL"]
[Date "1975.10.29"]
[Round "6"]
[White "Vogt, Lothar"]
[Black "Strobel, Ferdinand"]
[Result "1/2-1/2"]
[WhiteElo "2450"]
[BlackElo "2365"]
[EventDate "1975.10.23"]
[PlyCount "80"]

1.e4 e5 2.Nf3 Nc6 3.Bb5 a6 4.Ba4 Nf6 5.O-O Nxe4 6.d4 b5 7.Bb3 d5 8.dxe5 
Be6 9.Qe2 Be7 10.Rd1 O-O 11.c4 bxc4 12.Bxc4 Bc5 13.Be3 Bxe3 14.Qxe3 Qb8 
15.Bb3 Qb6 16.Qe2 Rad8 17.Nc3 Nxc3 18.bxc3 Ne7 19.Rab1 Qa5 20.c4 dxc4 21.
Bxc4 Bxc4 22.Qxc4 Rxd1+ 23.Rxd1 Qb6 24.h4 c5 25.Rd7 Ng6 26.Kh2 Qb5 27.Qg4 
c4 28.e6 Ne5 29.exf7+ Nxf7 30.Rc7 c3 31.Rxc3 Qb8+ 32.Qg3 Qb2 33.Rc7 Qxa2 
34.Ne5 Qe6 35.f4 a5 36.Ra7 Qb6 37.Re7 Qf6 38.Rc7 Qe6 39.Ra7 Qb6 40.Re7 Qf6
1/2-1/2

[Event "European zonal C"]
[Site "Vratsa BUL"]
[Date "1975.11.01"]
[Round "7"]
[White "Bednarski, Jacek"]
[Black "Radulov, Ivan"]
[Result "1-0"]
[WhiteElo "2425"]
[BlackElo "2510"]
[EventDate "1975.10.23"]
[PlyCount "65"]

1.e4 c5 2.Nf3 d6 3.d4 cxd4 4.Nxd4 Nf6 5.Nc3 Nc6 6.Bg5 e6 7.Qd2 a6 8.O-O-O 
Bd7 9.f4 b5 10.Bxf6 gxf6 11.Kb1 Qb6 12.Nxc6 Bxc6 13.Re1 O-O-O 14.Bd3 Kb8 
15.Rhf1 b4 16.Nd1 d5 17.exd5 Bxd5 18.Ne3 Bb7 19.Qe2 Bc5 20.Nc4 Qc7 21.Be4 
Bxe4 22.Qxe4 Rd4 23.Qe2 Rhd8 24.g3 f5 25.Ne5 R8d6 26.Rd1 Rxd1+ 27.Rxd1 Qb7
28.Nd3 Bd4 29.Nc1 Qe4 30.Qh5 Rd7 31.Nb3 f6 32.Qe8+ Kc7 33.Qxd7+ 1-0

[Event "European zonal C"]
[Site "Vratsa BUL"]
[Date "1975.11.01"]
[Round "7"]
[White "Czerniak, Moshe"]
[Black "Letzelter, Jean-Claude"]
[Result "1-0"]
[WhiteElo "2390"]
[BlackElo "2240"]
[EventDate "1975.10.23"]
[PlyCount "68"]

1.e4 Nf6 2.e5 Nd5 3.d4 d6 4.Nf3 g6 5.Bc4 dxe5 6.dxe5 c6 7.Nc3 Be6 8.Ne4 
Qa5+ 9.Bd2 Qc7 10.O-O Nd7 11.Neg5 Bf5 12.e6 fxe6 13.Qe2 e5 14.Nh4 h6 15.
Nxf5 hxg5 16.Ng3 Nf4 17.Qf3 O-O-O 18.Be3 Kb8 19.Ne4 Rh5 20.g3 Bg7 21.Rfd1 
Rdh8 22.h4 Bh6 23.Rd2 Nf6 24.Nxf6 exf6 25.gxf4 gxf4 26.Bc5 Qc8 27.Rad1 
Rxh4 28.Rd7 Bg5 29.Be6 f5 30.Bd6+ Ka8 31.Bxe5 Qe8 32.Bxh8 Rxh8 33.Qb3 b6 
34.Qa4 Qb8 1-0

[Event "European zonal C"]
[Site "Vratsa BUL"]
[Date "1975.11.01"]
[Round "7"]
[White "Matanovic, Aleksandar"]
[Black "Sigurjonsson, Gudmundur"]
[Result "1/2-1/2"]
[WhiteElo "2490"]
[BlackElo "2475"]
[EventDate "1975.10.23"]
[PlyCount "70"]

1.e4 c5 2.Nf3 d6 3.d4 cxd4 4.Nxd4 Nf6 5.Nc3 a6 6.Be2 Nbd7 7.a4 g6 8.O-O 
Bg7 9.a5 O-O 10.Be3 Nc5 11.f3 e5 12.Nb3 Nxb3 13.cxb3 Be6 14.Bc4 Rc8 15.Qd3
Rc6 16.Rfc1 Qe7 17.Na4 Nh5 18.Nb6 Nf4 19.Qd2 f5 20.Re1 g5 21.exf5 Rxf5 22.
Rad1 Bf8 23.g3 Ng6 24.Bxg5 Qf7 25.Rf1 Rxc4 26.bxc4 Rxf3 27.Qe2 e4 28.Qxe4 
Ne5 29.Bf4 Bf5 30.Qe2 Qh5 31.Rxf3 Nxf3+ 32.Kf2 Bg4 33.Nd5 Qxh2+ 34.Ke3 
Qxe2+ 35.Kxe2 Ne5+ 1/2-1/2

[Event "European zonal C"]
[Site "Vratsa BUL"]
[Date "1975.11.01"]
[Round "7"]
[White "Matulovic, Milan"]
[Black "Dueball, Jurgen"]
[Result "1/2-1/2"]
[WhiteElo "2530"]
[BlackElo "2455"]
[EventDate "1975.10.23"]
[PlyCount "132"]

1.e4 c5 2.Nf3 d6 3.d4 cxd4 4.Nxd4 Nf6 5.Nc3 g6 6.Be3 Nc6 7.f3 Bg7 8.Qd2 
O-O 9.Bc4 Bd7 10.h4 Ne5 11.Bb3 Qa5 12.O-O-O Rfc8 13.Kb1 Nc4 14.Bxc4 Rxc4 
15.Nb3 Qa6 16.e5 Ne8 17.h5 Rac8 18.hxg6 hxg6 19.g4 Bxe5 20.Bd4 Rxd4 21.
Nxd4 Rc4 22.Qe3 Bc6 23.Rd3 Nc7 24.Rhd1 Rxc3 25.Rxc3 Nd5 26.Rxc6 bxc6 27.
Qd3 Qb6 28.c3 Nxc3+ 29.Qxc3 c5 30.Qb3 Bxd4 31.Qxb6 axb6 32.b4 Bc3 33.bxc5 
dxc5 34.Kc2 Ba5 35.Rd7 Kf8 36.Kd3 f5 37.Kc4 Kf7 38.gxf5 gxf5 39.Kd5 Kf6 
40.Rd8 Kg5 41.Ke5 Bc3+ 42.Ke6 Kf4 43.Rd5 Kxf3 44.Rd3+ Kg2 45.Rxc3 f4 46.
Rc2+ Kg1 47.Rc1+ Kg2 48.Kd5 f3 49.Kc6 f2 50.Kxb6 e5 51.Kxc5 Kf3 52.a4 e4 
53.a5 e3 54.a6 e2 55.a7 e1=Q 56.a8=Q+ Kg3 57.Qg8+ Kh2 58.Qh7+ Kg3 59.Qg6+ 
Kf3 60.Qf5+ Kg3 61.Qg5+ Kf3 62.Qd5+ Kg3 63.Qd3+ Kg2 64.Qd5+ Kg3 65.Qg5+ 
Kf3 66.Qh5+ Kg3 1/2-1/2

[Event "European zonal C"]
[Site "Vratsa BUL"]
[Date "1975.11.01"]
[Round "7"]
[White "Ree, Hans"]
[Black "Vogt, Lothar"]
[Result "0-1"]
[WhiteElo "2470"]
[BlackElo "2450"]
[EventDate "1975.10.23"]
[PlyCount "92"]

1.d4 Nf6 2.c4 g6 3.Nc3 Bg7 4.e4 d6 5.f3 O-O 6.Be3 e5 7.d5 c6 8.Qd2 cxd5 9.
cxd5 Nbd7 10.Nge2 a6 11.Nc1 Nh5 12.Nb3 f5 13.O-O-O Ndf6 14.Bd3 b5 15.Kb1 
b4 16.Na4 Rb8 17.Ba7 Rb7 18.Qe3 Bd7 19.Bxa6 Rxa7 20.Qxa7 Bxa4 21.exf5 Bxb3
22.axb3 gxf5 23.Rc1 Qa8 24.Qxa8 Rxa8 25.Bc8 Nf4 26.Bxf5 N4xd5 27.Rhd1 Ra5 
28.g4 h6 29.h4 Kf7 30.g5 hxg5 31.hxg5 Ne8 32.Rh1 Ra7 33.Rh4 Nec7 34.Rhc4 
Ne6 35.Be4 Ne7 36.g6+ Nxg6 37.Rxb4 Ne7 38.Rd1 Rd7 39.Rb7 Rxb7 40.Bxb7 Nd4 
41.b4 Ke6 42.Rd3 Nd5 43.Bxd5+ Kxd5 44.b3 Kc6 45.Ka2 Kb5 46.Ka3 e4 0-1

[Event "European zonal C"]
[Site "Vratsa BUL"]
[Date "1975.11.01"]
[Round "7"]
[White "Strobel, Ferdinand"]
[Black "Gheorghiu, Florin"]
[Result "1/2-1/2"]
[WhiteElo "2365"]
[BlackElo "2540"]
[EventDate "1975.10.23"]
[PlyCount "139"]

1.f4 c5 2.Nf3 g6 3.g3 Bg7 4.Bg2 Nc6 5.O-O d5 6.d3 Nf6 7.Nc3 d4 8.Na4 Qd6 
9.e4 dxe3 10.Bxe3 b6 11.Ne5 Bb7 12.Nc3 Qc7 13.Nb5 Qc8 14.Nxc6 Bxc6 15.
Bxc6+ Qxc6 16.Qf3 Qxf3 17.Rxf3 Nd5 18.c3 a6 19.Na3 Nxe3 20.Rxe3 b5 21.Nc2 
b4 22.Rae1 e6 23.d4 bxc3 24.bxc3 O-O 25.Rb1 Rfc8 26.Kf1 cxd4 27.Nxd4 Rc4 
28.Ne2 Rac8 29.Rb3 a5 30.Rd3 h6 31.Ke1 g5 32.Kd2 gxf4 33.gxf4 Ra4 34.Rb2 
e5 35.fxe5 Bxe5 36.h3 Kg7 37.Rd7 Kg6 38.Nd4 Rac4 39.Rc2 f6 40.Kd3 Kh5 41.
Rd5 a4 42.Rc1 Kg5 43.Rg1+ Kh5 44.Rc1 R8c7 45.Rc2 Kg6 46.Rg2+ Kf7 47.Rd7+ 
Rxd7 48.Kxc4 Rc7+ 49.Kb4 Bd6+ 50.Kxa4 Rxc3 51.Nb5 Rc4+ 52.Ka5 Be5 53.a4 f5
54.Ra2 Rc6 55.Kb4 f4 56.a5 f3 57.Rf2 Rf6 58.a6 Rxa6 59.Rxf3+ Kg6 60.Kc4 
Kg5 61.Kd5 Ra5 62.Kxe5 Rxb5+ 63.Ke4 Kh4 64.Rf6 h5 65.Rf3 Rb2 66.Ke3 Rh2 
67.Kf4 Rxh3 68.Rxh3+ Kxh3 69.Kf3 h4 70.Kf2 1/2-1/2

[Event "European zonal C"]
[Site "Vratsa BUL"]
[Date "1975.11.01"]
[Round "7"]
[White "Wirthensohn, Heinz"]
[Black "Ermenkov, Evgeny"]
[Result "1/2-1/2"]
[WhiteElo "2330"]
[BlackElo "2430"]
[EventDate "1975.10.23"]
[PlyCount "59"]

1.Nf3 Nf6 2.g3 g6 3.Bg2 Bg7 4.b3 O-O 5.Bb2 d6 6.d4 Nbd7 7.O-O e5 8.dxe5 
Ng4 9.Qd2 dxe5 10.h3 Nh6 11.Rd1 f6 12.a4 Nf7 13.Na3 Re8 14.e4 Bf8 15.Nc4 
c6 16.a5 Nc5 17.Qe3 Qc7 18.b4 Na6 19.c3 Be6 20.Bf1 Qc8 21.Kh2 Nc7 22.Qd2 
Qd8 23.Qc2 Qe7 24.Ba3 Nb5 25.Bc1 Bh6 26.Bxh6 Nxh6 27.Ne3 Nc7 28.Nd2 Nf7 
29.Nb3 Rad8 30.Nc5 1/2-1/2

[Event "European zonal C"]
[Site "Vratsa BUL"]
[Date "1975.11.02"]
[Round "8"]
[White "Dueball, Jurgen"]
[Black "Czerniak, Moshe"]
[Result "1/2-1/2"]
[WhiteElo "2455"]
[BlackElo "2390"]
[EventDate "1975.10.23"]
[PlyCount "51"]

1.e4 c6 2.d4 g6 3.Nc3 d5 4.Nf3 Bg7 5.Bd3 Bg4 6.O-O e6 7.Re1 Nf6 8.Be3 O-O 
9.h3 Bxf3 10.Qxf3 dxe4 11.Nxe4 Nxe4 12.Qxe4 Nd7 13.c3 Nf6 14.Qf3 Qd5 15.
Qe2 Rad8 16.Rad1 Rfe8 17.Bc4 Qh5 18.Qxh5 Nxh5 19.Be2 Nf6 20.Bf3 Nd5 21.Bc1
Rd7 22.g3 f5 23.h4 Kf7 24.Kg2 h5 25.Bg5 Bf6 26.Bxf6 1/2-1/2

[Event "European zonal C"]
[Site "Vratsa BUL"]
[Date "1975.11.02"]
[Round "8"]
[White "Gheorghiu, Florin"]
[Black "Ree, Hans"]
[Result "1/2-1/2"]
[WhiteElo "2540"]
[BlackElo "2470"]
[EventDate "1975.10.23"]
[PlyCount "80"]

1.d4 e6 2.Nf3 c5 3.c4 cxd4 4.Nxd4 Nf6 5.Nc3 Bb4 6.g3 a6 7.Bg2 Qc7 8.O-O 
O-O 9.Na4 Nc6 10.Nxc6 dxc6 11.c5 Ba5 12.Bg5 Qe7 13.Qd6 Re8 14.Rfd1 e5 15.
Qxe7 Rxe7 16.b4 Bc7 17.Nb6 Bxb6 18.cxb6 Rd7 19.a4 Rxd1+ 20.Rxd1 Bg4 21.Rd2
Nd5 22.h3 Be6 23.b5 axb5 24.axb5 Nxb6 25.bxc6 bxc6 26.Bxc6 Rc8 27.Rd8+ 
Rxd8 28.Bxd8 Bd5 29.Bb5 Bc4 30.Bc6 Bd5 31.Be8 Kf8 32.Bxf7 Kxf7 33.Bxb6 Bc4
34.e4 Be2 35.Kg2 h5 36.Bc7 Ke6 37.f3 g6 38.Kf2 Bd1 39.Ke3 Ba4 40.h4 Bd1 
1/2-1/2

[Event "European zonal C"]
[Site "Vratsa BUL"]
[Date "1975.11.02"]
[Round "8"]
[White "Letzelter, Jean-Claude"]
[Black "Strobel, Ferdinand"]
[Result "1-0"]
[WhiteElo "2240"]
[BlackElo "2365"]
[EventDate "1975.10.23"]
[PlyCount "50"]

1.e4 e5 2.Nf3 Nc6 3.Nc3 Bc5 4.Nxe5 Nxe5 5.d4 Bd6 6.dxe5 Bxe5 7.f4 Bxc3+ 8.
bxc3 Nf6 9.Ba3 d5 10.Qd4 Nxe4 11.Qxg7 Qf6 12.Qxf6 Nxf6 13.c4 Ng4 14.O-O-O 
d4 15.Rxd4 Nf2 16.Rg1 Bd7 17.Be2 Rg8 18.Rf1 Rxg2 19.Bf3 Rxh2 20.Re1+ Kd8 
21.Bxb7 c5 22.Bxc5 Rc8 23.Bxc8 Kxc8 24.Rg1 Rh5 25.Rxd7 Rxc5 1-0

[Event "European zonal C"]
[Site "Vratsa BUL"]
[Date "1975.11.02"]
[Round "8"]
[White "Matanovic, Aleksandar"]
[Black "Wirthensohn, Heinz"]
[Result "0-1"]
[WhiteElo "2490"]
[BlackElo "2330"]
[EventDate "1975.10.23"]
[PlyCount "94"]

1.e4 c5 2.Nf3 Nc6 3.d4 cxd4 4.Nxd4 Nf6 5.Nc3 e5 6.Ndb5 d6 7.a4 Be6 8.Bg5 
Nb4 9.Na3 Be7 10.Bb5+ Nd7 11.Be3 O-O 12.Nd5 Bxd5 13.exd5 Nf6 14.c4 e4 15.
a5 Nd3+ 16.Ke2 a6 17.Ba4 Qxa5 18.Bc2 Ne5 19.Qd4 Qc7 20.Rac1 Nfg4 21.Bxe4 
f5 22.Bb1 Nxe3 23.Qxe3 Rae8 24.Kf1 Ng4 25.Qd2 Qc5 26.Rc2 a5 27.h3 Nf6 28.
Nb5 Ne4 29.Qd3 Bg5 30.Nd4 Qb4 31.Nf3 Re7 32.g3 Bf6 33.Kg2 Bxb2 34.Nd4 Nc5 
35.Qd1 Bxd4 36.Qxd4 Re4 37.Qc3 Qxc3 38.Rxc3 Re2 39.Bc2 Ne4 40.Bxe4 fxe4 
41.Rf1 e3 42.c5 dxc5 43.Rxc5 b6 44.Rc6 Rexf2+ 45.Rxf2 Rxf2+ 46.Kg1 Rf6 47.
Rc8+ Kf7 0-1

[Event "European zonal C"]
[Site "Vratsa BUL"]
[Date "1975.11.02"]
[Round "8"]
[White "Sax, Gyula"]
[Black "Matulovic, Milan"]
[Result "1-0"]
[WhiteElo "2510"]
[BlackElo "2530"]
[EventDate "1975.10.23"]
[PlyCount "67"]

1.e4 c5 2.Nf3 e6 3.d4 cxd4 4.Nxd4 Nc6 5.Nc3 Qc7 6.g3 a6 7.Bg2 Nf6 8.O-O 
Be7 9.Re1 Nxd4 10.Qxd4 Bc5 11.Qd1 d6 12.Be3 e5 13.Qd2 Be6 14.h3 Rc8 15.a3 
Ke7 16.f4 b5 17.Kh2 Rhd8 18.Rad1 h6 19.Bxc5 Qxc5 20.Re3 a5 21.Nd5+ Bxd5 
22.exd5 Qxc2 23.fxe5 dxe5 24.Rxe5+ Kf8 25.d6 Qa4 26.Qe1 b4 27.Re7 Rc2 28.
Rc7 Re8 29.Qf1 bxa3 30.bxa3 h5 31.Qd3 Ra2 32.d7 Rd8 33.Rc8 Ke7 34.Qd6# 1-0

[Event "European zonal C"]
[Site "Vratsa BUL"]
[Date "1975.11.02"]
[Round "8"]
[White "Sigurjonsson, Gudmundur"]
[Black "Radulov, Ivan"]
[Result "1/2-1/2"]
[WhiteElo "2475"]
[BlackElo "2510"]
[EventDate "1975.10.23"]
[PlyCount "31"]

1.e4 c5 2.Nf3 Nc6 3.d4 cxd4 4.Nxd4 Nf6 5.Nc3 d6 6.Bc4 Qb6 7.Nb3 e6 8.O-O 
Be7 9.Be3 Qc7 10.f4 a6 11.a4 b6 12.Qe2 O-O 13.Rae1 Bb7 14.Bf2 Nb4 15.Nd4 
Rae8 16.Bb3 1/2-1/2

[Event "European zonal C"]
[Site "Vratsa BUL"]
[Date "1975.11.02"]
[Round "8"]
[White "Vogt, Lothar"]
[Black "Bednarski, Jacek"]
[Result "1/2-1/2"]
[WhiteElo "2450"]
[BlackElo "2425"]
[EventDate "1975.10.23"]
[PlyCount "49"]

1.Nf3 d5 2.c4 c6 3.b3 Bg4 4.e3 Nd7 5.Bb2 Ngf6 6.Be2 e6 7.O-O Bd6 8.d3 Bxf3
9.Bxf3 O-O 10.Nd2 a5 11.a3 Qb6 12.Rb1 Rfe8 13.d4 Qd8 14.g3 Qe7 15.c5 Bc7 
16.Re1 Rad8 17.Qc2 e5 18.e4 dxe4 19.Bxe4 Nxe4 20.Nxe4 exd4 21.Bxd4 Ne5 22.
Bxe5 Qxe5 23.Re3 Qd4 24.Rbe1 Re5 25.Ng5 1/2-1/2

[Event "European zonal C"]
[Site "Vratsa BUL"]
[Date "1975.11.03"]
[Round "9"]
[White "Bednarski, Jacek"]
[Black "Gheorghiu, Florin"]
[Result "1/2-1/2"]
[WhiteElo "2425"]
[BlackElo "2540"]
[EventDate "1975.10.23"]
[PlyCount "145"]

1.e4 c5 2.Nf3 d6 3.d4 cxd4 4.Nxd4 Nf6 5.Nc3 a6 6.Bc4 e6 7.Bb3 b5 8.O-O Be7
9.f4 O-O 10.e5 dxe5 11.fxe5 Nfd7 12.Qh5 Bc5 13.Be3 Nc6 14.Nxc6 Bxe3+ 15.
Kh1 Qg5 16.Qxg5 Bxg5 17.Ne4 Bb7 18.Nxg5 Bxc6 19.Nxf7 Rxf7 20.Bxe6 Nxe5 21.
Rf5 Kf8 22.Rxe5 Re8 23.Kg1 Rf6 24.Rae1 Rd8 25.R5e2 b4 26.Bc4 a5 27.Rf2 
Rxf2 28.Kxf2 Rd4 29.Bd3 a4 30.g3 Rd5 31.Ke3 Ke7 32.a3 bxa3 33.bxa3 h5 34.
Kd2+ Kd6 35.Kc3 h4 36.gxh4 Rh5 37.Re2 Rxh4 38.Rf2 g5 39.Kd2 Rh3 40.Kc3 Rh4
41.Rf6+ Kc7 42.Rf7+ Kd6 43.Rf6+ Kc7 44.Rg6 Rxh2 45.Rxg5 Rh4 46.Rc5 Kb6 47.
Rc4 Rh5 48.Rf4 Kc5 49.Bf5 Rg5 50.Bg4 Re5 51.Bf5 Re3+ 52.Bd3 Re5 53.Rc4+ 
Kb6 54.Kd4 Rd5+ 55.Ke3 Rh5 56.Kd2 Re5 57.Rb4+ Kc5 58.Rb8 Re8 59.Rb1 Re7 
60.Rg1 Re5 61.Rg8 Kb6 62.Rf8 Kc5 63.Rc8 Re7 64.Bg6 Re6 65.Bh5 Kb6 66.Kc3 
Re5 67.Bg6 Rc5+ 68.Kd4 Rd5+ 69.Kc3 Rc5+ 70.Kd2 Re5 71.Rf8 Rg5 72.Rf6 Kc5 
73.Bh7 1/2-1/2

[Event "European zonal C"]
[Site "Vratsa BUL"]
[Date "1975.11.03"]
[Round "9"]
[White "Czerniak, Moshe"]
[Black "Sax, Gyula"]
[Result "0-1"]
[WhiteElo "2390"]
[BlackElo "2510"]
[EventDate "1975.10.23"]
[PlyCount "78"]

1.d4 Nf6 2.g3 g6 3.Bg2 Bg7 4.e4 d6 5.Nc3 O-O 6.Nge2 Nbd7 7.O-O e5 8.dxe5 
Nxe5 9.h3 Re8 10.f4 Ned7 11.Be3 Nb6 12.Qd3 Qe7 13.g4 Nfd7 14.Rae1 Nc5 15.
Bxc5 dxc5 16.e5 c6 17.Ne4 Be6 18.Qg3 Rad8 19.Nd6 Rf8 20.g5 Nc4 21.Ne4 Bf5 
22.Nf6+ Kh8 23.Nc3 Rd4 24.Qh4 Bxf6 25.exf6 Qd8 26.Re7 Nd6 27.Ne2 Rd2 28.
Ng3 c4 29.Kh1 Rg8 30.Ne4 Bxe4 31.Bxe4 Nxe4 32.Qe1 Re2 33.Rxe4 Rxe1 34.
Rfxe1 h6 35.h4 Qc8 36.Kh2 Qg4 37.f5 Qxf5 38.Kg3 hxg5 39.Rh1 Qxe4 0-1

[Event "European zonal C"]
[Site "Vratsa BUL"]
[Date "1975.11.03"]
[Round "9"]
[White "Matulovic, Milan"]
[Black "Ermenkov, Evgeny"]
[Result "1-0"]
[WhiteElo "2530"]
[BlackElo "2430"]
[EventDate "1975.10.23"]
[PlyCount "79"]

1.e4 c5 2.Nf3 d6 3.d4 cxd4 4.Nxd4 Nf6 5.Nc3 Nc6 6.Bg5 Qb6 7.Nb3 e6 8.Bd3 
Be7 9.O-O a6 10.Qe2 Qc7 11.f4 h6 12.Bh4 b5 13.a3 Bb7 14.Bg3 h5 15.Bh4 Ng4 
16.Bxe7 Qxe7 17.Qd2 Qh4 18.h3 Nf6 19.Rae1 Rd8 20.Qe3 Ng4 21.hxg4 hxg4 22.
Ne2 Qh2+ 23.Kf2 Rh3 24.Ng3 d5 25.Rh1 d4 26.Rxh2 dxe3+ 27.Kg1 Rxg3 28.Rh8+ 
Ke7 29.Rxd8 Nxd8 30.Kh2 f5 31.Kxg3 fxe4 32.Bf1 Nf7 33.Rxe3 Nh6 34.Rc3 Bd5 
35.Nd4 Kd6 36.Rc8 e5 37.fxe5+ Kxe5 38.c3 e3 39.Re8+ Kd6 40.Rxe3 1-0

[Event "European zonal C"]
[Site "Vratsa BUL"]
[Date "1975.11.03"]
[Round "9"]
[White "Radulov, Ivan"]
[Black "Vogt, Lothar"]
[Result "1/2-1/2"]
[WhiteElo "2510"]
[BlackElo "2450"]
[EventDate "1975.10.23"]
[PlyCount "47"]

1.e4 e5 2.Nf3 Nc6 3.Bc4 Nf6 4.d4 exd4 5.O-O Nxe4 6.Re1 d5 7.Bxd5 Qxd5 8.
Nc3 Qa5 9.Nxe4 Be6 10.Bd2 Bb4 11.Nxd4 Nxd4 12.c3 O-O-O 13.cxb4 Qd5 14.Bf4 
b6 15.Rc1 Rd7 16.Qd3 Rhd8 17.Qg3 Kb7 18.h3 c6 19.Nc3 Qc4 20.b5 Nxb5 21.b3 
Qd3 22.Qxg7 Nxc3 23.Rxc3 Qf5 24.Qe5 1/2-1/2